| 000 | 01151cam a2200337 i 4500 | ||
|---|---|---|---|
| 999 |
_c200453623 _d71835 |
||
| 003 | TR-AnTOB | ||
| 005 | 20230718193612.0 | ||
| 007 | ta | ||
| 008 | 230123s2022 tu ao 000 0 eng d | ||
| 020 | _a9786258352184 | ||
| 040 |
_aTVK _beng _erda _cTVK _dTR-AnTOB |
||
| 041 | 0 | _aeng | |
| 050 | 4 |
_aHF1359 _b.J656 2022 |
|
| 090 |
_aHF1359 _b.J656 2022 |
||
| 245 | 0 | 0 |
_aG8 & G20 2005-2022 : _bjoint statements from science academies to world leaders / _ccompilers Asst. Prof. Mürsel Doğrul, Asst. Prof. Musab Talha Akpınar. |
| 250 | _aFirst edition | ||
| 264 | 1 |
_aAnkara : _bTürkiye Bilimler Akademisi, _c2022. |
|
| 300 |
_a267 pages : _billustrations, photographs ; _c24 cm |
||
| 336 |
_atext _btxt _2rdacontent |
||
| 337 |
_aunmediated _bn _2rdamedia |
||
| 338 |
_avolume _bnc _2rdacarrier |
||
| 504 | _aBIB | ||
| 650 | 0 |
_aScience _93971 |
|
| 650 | 0 |
_aInternational economic relations _917913 |
|
| 650 | 0 |
_aScience _vPopular works _941938 |
|
| 700 | 1 |
_aDoğrul, Mürsel _ecompiler _9129674 |
|
| 700 | 1 |
_aAkpınar, Musab Talha _ecompiler _9142524 |
|
| 710 | 2 |
_aTürkiye Bilimler Akademisi _927420 |
|
| 942 |
_2lcc _cBK |
||